New poems.

Bibliographic Details
Main Author: Graves, Robert, 1895-1985
Format: Book
Language:English
Published: Garden City, N.Y. : Doubleday, 1963
Edition:[1st ed. in the U.S.A.].

MARC

Tag First Indicator Second Indicator Subfields
LEADER 00000cam a2200000 4500
001 in00000026441
005 20151007061256.0
008 720802r1963 nyu 00000 eng
010 |a  62017699  
035 |a (OCoLC)00372142 
035 |9 AAD1638AM 
040 |a DLC  |c OUN  |d TXA  |d UtOrBLW 
049 |a TXAM  |c [360758] 
050 0 |a PR6013.R35  |b A17 1963 
082 0 |a 821.912 
092 |a 821  |b G776n 
100 1 |a Graves, Robert,  |d 1895-1985. 
245 1 0 |a New poems. 
250 |a [1st ed. in the U.S.A.]. 
264 1 |a Garden City, N.Y. :  |b Doubleday,  |c 1963 
264 4 |c [©1962] 
300 |a 64 pages ;  |c 22 cm. 
336 |a text  |b txt  |2 rdacontent 
337 |a unmediated  |b n  |2 rdamedia 
338 |a volume  |b nc  |2 rdacarrier 
500 |a In two parts, numbered 13 and 14 in continuation of Collected poems 1959. 
999 |a MARS 
999 f f |s 849b57ca-7ac3-3d97-b460-36d968f71753  |i 4e09f031-5e37-3345-846d-474265bbe819  |t 0 
952 f f |p ric  |a Texas A&M University  |b Rellis Campus  |c Joint Library Facility  |d Remote Storage  |t 0  |e PR6013.R35 A17 1963  |h Library of Congress classification  |i unmediated -- volume  |m A14801280163 
998 f f |a PR6013.R35 A17 1963  |t 0  |l Remote Storage